000 00441nam a2200133Ia 4500
005 20260328104252.0
008 260328s9999||||xx |||||||||||||| ||und||
100 _aMoreno Mejia, Carlos Enrique
245 0 _aPremio Corona Pro Hábitat :
_b Alojamiento transitorio y Vivienda permanente para zonas inundables /
_cCarlos Enrique Moreno Mejia
260 _bZetta Ediciones
300 _a72 p.
650 _aVIVIENDA DE EMERGENCIA
942 _cBK
999 _c10275
_d10275